000 01218namaa22003011i 4500
003 EG-GICUC
005 20260414122856.0
008 260414s1979 ua ||||jr|||| 000 0 ara d
017 _a79 / 4823
_bدار الكتب و الوثائق القومية (مصر)
040 _aEG-GiCUC
_bara
_cEG-GiCUC
_dEG-GiCUC
_erda
082 0 4 _221
_a250
_bM233
092 0 4 _221
_a250
_bM233
099 _a250 M233
100 1 _aعبد المجيد، عبد المجيد محمود.
_eمؤلف.
245 1 2 _aالاتجاهات الفقية عند اصحاب الحديث فى القرن الثالث الهجرى /
_cعبد المجيد محمود عبد المجيد..
264 _a[القاهرة :
_bدار الوفاء للطباعة،]
_c1979.
300 _a669صفحة
_b؛
_c24 سم.
336 _2rdacontent
_atext
337 _2rdamedia
_aUnmediated
338 _2rdacarrier
_avolume
504 _aيشتمل على ارجاعات ببليوجرافية.
541 _aد . جابر عصفور ؛
_bالقاهرة ؛
_cإهداء ؛
_d2024.
650 1 7 _aالشريعة الاسلامية
_2qrmak
650 1 7 _aالجديث
_xتاريخ ونقد
_2qrmak
651 1 _2qrmak
905 _aNoha
942 _2ddc
_cBK
_e21
_n0
999 _c179477
_d179477